<?xml version="1.0" encoding="UTF-8"?>
<record
    xmlns:xsi="http://www.w3.org/2001/XMLSchema-instance"
    xsi:schemaLocation="http://www.loc.gov/MARC21/slim http://www.loc.gov/standards/marcxml/schema/MARC21slim.xsd"
    xmlns="http://www.loc.gov/MARC21/slim">

  <leader>00382nam a2200145Ia 4500</leader>
  <controlfield tag="008">230519s9999    xx            000 0 und d</controlfield>
  <datafield tag="020" ind1=" " ind2=" ">
    <subfield code="a">978-0-323-03031-1</subfield>
  </datafield>
  <datafield tag="041" ind1=" " ind2=" ">
    <subfield code="a">eng</subfield>
  </datafield>
  <datafield tag="082" ind1=" " ind2=" ">
    <subfield code="a">615.1/MUL/DB0542</subfield>
  </datafield>
  <datafield tag="100" ind1=" " ind2=" ">
    <subfield code="a">Mulholland Joyce</subfield>
    <subfield code="9">180403</subfield>
  </datafield>
  <datafield tag="245" ind1=" " ind2=" ">
    <subfield code="a">The Nurse The Math The Meds</subfield>
  </datafield>
  <datafield tag="260" ind1=" " ind2=" ">
    <subfield code="b">Mosby Elsevier</subfield>
    <subfield code="a">St Louis</subfield>
    <subfield code="c">2007</subfield>
  </datafield>
  <datafield tag="300" ind1=" " ind2=" ">
    <subfield code="a">618p</subfield>
  </datafield>
  <datafield tag="999" ind1=" " ind2=" ">
    <subfield code="c">159282</subfield>
    <subfield code="d">159282</subfield>
  </datafield>
  <datafield tag="952" ind1=" " ind2=" ">
    <subfield code="0">0</subfield>
    <subfield code="1">0</subfield>
    <subfield code="4">0</subfield>
    <subfield code="7">0</subfield>
    <subfield code="a">BTIN</subfield>
    <subfield code="b">BTIN</subfield>
    <subfield code="d">2017-08-03</subfield>
    <subfield code="g">500.00</subfield>
    <subfield code="i">859</subfield>
    <subfield code="l">0</subfield>
    <subfield code="o">615.1 MUL DB0542</subfield>
    <subfield code="p">BTIN-DB-542</subfield>
    <subfield code="r">2023-05-19 00:00:00</subfield>
    <subfield code="w">2017-08-03</subfield>
    <subfield code="y">DB</subfield>
    <subfield code="z">DB0542</subfield>
  </datafield>
</record>
